01177nam a2200157 450000500170000002000180001708200160003508400250005124502040007626000420028030000150032250506270033770000180096470000200098270000170100220260522140810.0 a9788198930798 a025 SUR/TRA 2Colon Classification aTransforming Library and information Services In The Emerging ICT Era;bNavigating TheRole of Library and Information Science professionalscSurendar Kumar; Akshay Kumar; Shefali Goswamy; Mayank Jain aNew DelhibEss Ess Publicationsc2026 axi, 384p.  aLifelong learning: Shaping Library Professionals through Educational and Development-- Open Educational Resources Initiatives in India---The Future of Digital Preservation--Innovative and Emerging Technology Uses in Libraries--Sustainable Library Practices and Green Information Management--A Pathway towards Eco-Conscious Knowledge Institutions--Use of Artificial Intelligence in Traditional as well as Digital Libraries--Cyber Security Laws in India--An Overview--- Digital Preservation In Artificial Intelligence and the path Forward--AI for Cyber Security in Libraries; Protecting Digital nInformation and User Privacy aAkshay, Kumar aShefali,Goswami aJain, Mayank